Gaming Quiz

Random Gaming Quiz

Half-Life 2 enemies by chapter (clickable) Quiz Stats

 Plays Quiz not verified by Sporcle

Challenge
Share
Tweet
Embed
Score 0/42 Timer 16:00
0 Plays Today
% Correct
'We Don't Go To Ravenholm...'
49.1%
'We Don't Go To Ravenholm...'
44%
'We Don't Go To Ravenholm...'
43.1%
'We Don't Go To Ravenholm...'
37.9%
Point Insertion
37.1%
Point Insertion
35.3%
Route Kanal
33.6%
Point Insertion
32.8%
Point Insertion
31.9%
Route Kanal
31%
Route Kanal
31%
Anti-Citizen One
31%
Route Kanal
30.2%
Route Kanal
30.2%
Point Insertion
29.3%
Point Insertion
29.3%
Anti-Citizen One
29.3%
Nova Prospekt
28.4%
Highway 17
28.4%
Red Letter Day
27.6%
Nova Prospekt
27.6%
% Correct
Route Kanal
27.6%
Nova Prospekt
26.7%
Highway 17
25.9%
Sandtraps
25.9%
Sandtraps
25.9%
Red Letter Day
25%
'Follow Freeman!'
25%
'Follow Freeman!'
21.6%
'Follow Freeman!'
21.6%
Red Letter Day
20.7%
Lowlife
20.7%
This Vortal Coil
19.8%
Water Hazard
19%
Our Benefactors
19%
Water Hazard
18.1%
Our Benefactors
18.1%
Under the Radar
17.2%
To The White Forest
17.2%
Black Mesa East
15.5%
Freeman Pontifex
12.1%
Direct Intervention
11.2%

You're not logged in!

Compare scores with friends on all Sporcle quizzes.
Join for Free
OR
Log In

You Might Also Like...

Show Comments

Extras

Top Quizzes Today


Score Distribution

Your Account Isn't Verified!

In order to create a playlist on Sporcle, you need to verify the email address you used during registration. Go to your Sporcle Settings to finish the process.

Report this User

Report this user for behavior that violates our Community Guidelines.

Details: